Otra gran obra benéfica de la Caja de Ahorros Provincial : el Hogar de Matrimonios Ancianos / el Hogar de Matrimonios Ancianos /
Colección:
San Jorge,
; núm. 8 (octubre 1952), pàg. 13-16
Idioma:
Español
MARC
| LEADER | 00000naa a2200000 a 4500 | ||
|---|---|---|---|
| 003 | Arxiu | ||
| 005 | 20260324181034.0 | ||
| 008 | 160829s1952 spcaxx s spa c | ||
| 040 | |a agdb | ||
| 100 | 1 | |a Hernández, Tomás, |d 1919-2013 |9 20277 | |
| 245 | 1 | 0 | |a Otra gran obra benéfica de la Caja de Ahorros Provincial : |b el Hogar de Matrimonios Ancianos / |c por Tomás Hernández |
| 490 | |a San Jorge, |v núm. 8 (octubre 1952), pàg. 13-16 | ||
| 610 | 2 | 0 | |9 54701 |a Hogar de Matrimonios Ancianos (Barcelona) |
| 773 | |g Núm. 8 (octubre 1952), pàg. 13-16 |t San Jorge. | ||
| 901 | |a Arxiu | ||
| 942 | |n 1 |2 udc |c ART | ||
| 952 | |0 0 |1 0 |4 0 |7 1 |9 64260 |a Arxiu |b Arxiu |d 2022-11-21 |o Rev-508 |r 2022-11-21 00:00:00 |w 2022-11-21 |y ARXIU |z També disponible a Rev-521 | ||
| 999 | |c 48127 |d 48127 | ||